Ročenka ochrany rastlín ...

Bibliographic Details
Format: Serial
Language:Slovak
Czech
PhysicalDescription:1 zv. cm
Published: Bratislava CHZJD Slovenské vydavateľstvo pôdohospodárskej literatúry 1967
Series:Knižnica poľnohospodára
Subjects:

MARC

LEADER 00000cas a2200000 a 4500
001 vtls008343861
003 SK-MaSNL
005 20260228160203.0
008 190102d19671967xo ar| 000 0slo
015 |a SKSNBA1967/10-01797 
035 |a SK01SNK19670036078 
035 |a SKM000038541 
040 |a SNK  |b slo  |c SNK  |e AACR2 
041 0 |a slo  |a cze 
044 |a xo  |c SK 
072 7 |a 632  |x Ochrana rastlín. Fytopatológia  |2 konspekt 
080 |a 632.9  |2 2011 
080 |a 050  |2 2011 
080 |a (058)  |2 2011 
245 0 0 |a Ročenka ochrany rastlín ... 
260 |a Bratislava  |b CHZJD  |b Slovenské vydavateľstvo pôdohospodárskej literatúry  |c 1967  |e Trnava  |f Polygrafické závody 
300 |a 1 zv.  |c cm 
362 0 |a 1967-1967 
490 1 |a Knižnica poľnohospodára 
500 |a Súčasťou názvu je označenie roku 
650 0 7 |a ochrana rastlín  |2 SNKPH  |9 3636 
655 7 |a ročenky  |2 SNKPH  |9 57146 
830 0 |a Knižnica poľnohospodára  |9 266109 
910 |a snk 
999 |c 1847  |d 3777 
952 |0 0  |1 0  |4 0  |7 0  |a SNK  |b SNK  |d 2015-06-04  |i snkKSP 6818/67  |l 0  |o snkČSB 1358/1966 D1  |p 17A0843996  |r 2026-02-21 21:44:58  |w 2026-02-21  |y PREZ